Auto magazín najčítanejší motoristický časopis na Slovensku

Bibliographic Details
Previous Title:Auto magazín
Other Authors: Mičko, Ivan (Publishing director)
Format: Journal
Language:Slovak
PhysicalDescription:zv. 30 cm
Published: Bratislava Lucy Media 2005-
Bratislava Albatros Group, s.r.o.
ISSN:1336-7439
1336-1309
Subjects:

MARC

LEADER 00000cas a2200000 a 4500
001 vtls008427298
003 SK-MaSNL
005 20260228160942.0
008 060131c20059999xo mr p 0 b0slo
022 |a 1336-7439 
040 |a SNK  |b slo  |c SNK  |d SVKBB  |d SAVUK  |e AACR2 
041 0 |a slo 
044 |a xo  |c SK 
072 7 |a 629  |x Dopravné prostriedky  |2 konspekt 
080 |a 629.331  |2 2011 
080 |a 796.71  |2 2001 
080 |a 050  |2 2011 
080 |a (051)-048.55  |2 2011 
210 0 |a Nový auto mag. 
222 0 |a Nový auto magazín 
245 0 0 |a Auto magazín  |b najčítanejší motoristický časopis na Slovensku  |a Nový Auto magazín 
246 1 3 |a Auto magazín  |f č. 4/2009- 
246 1 3 |a Nový auto magazín 
260 |a Bratislava  |b Lucy Media  |c 2005- 
260 3 |3 2016-  |a Bratislava  |b Albatros Group, s.r.o. 
300 |a zv.  |c 30 cm 
310 |a 1x mesačne 
362 0 |a Roč. 8, č. 9 (2005)- 
500 |a Od č. 4/2009 návrat k názvu Auto magazín, ISSN 1336-7439 pokračuje 
500 |a Evidenčné číslo: EV 2001/08 ; MK SR EV 3411/09 
500 |a Vydavateľ a šéfredaktor: Ivan Mičko 
500 |a Podnázov: časopis moderného motoristu. 
515 |a Niektoré čísla vychádzajú ako dvojčíslo 
525 |a Súčasťou časopisu je príloha: Profi auto = ISSN 1335-454X. Do r. 2014 vychádzala samostatne. Od r. 2015 je príl. Profi auto, súčasťou časopisu 
525 |a Špec. príl.: Ťažné zariadenia a prívesné vozíky 
650 0 7 |a automobily  |2 SNKPH  |9 18879 
650 0 7 |a automobilový šport  |2 SNKPH  |9 3266 
655 7 |a špecializované časopisy  |2 SNKPH  |9 70509 
700 1 |a Mičko, Ivan  |4 pbl  |4 pbd  |9 265645 
770 0 |t Profi auto  |x 1335-454X  |w vtls008880461 
780 0 0 |t Auto magazín  |x 1336-1309  |w vtls001467140 
910 |a savuk 
910 |a snk 
999 |c 3985  |d 5915 
952 |t č. 1-6  |a SNK  |b SNK  |y PREZ  |7 0  |p 17A1523997  |o snkČSB 5170/25/2022/1  |i snk2024/12337  |8 0  |0 0  |1 0  |4 0  |d 2024-08-01  |l 0  |r 2026-02-21 19:48:21  |w 2026-02-21 
952 |t č. 7-12  |a SNK  |b SNK  |y PREZ  |7 0  |p 17A1523998  |o snkČSB 5170/25/2022/2  |i snk2024/12355  |8 0  |0 0  |1 0  |4 0  |d 2024-08-01  |l 0  |r 2026-02-21 19:48:21  |w 2026-02-21 
952 |t č. 1-6  |a SNK  |b SNK  |y PREZ  |7 0  |p 17A1523999  |o snkČSB 5170/26/2023/1  |i snk2024/12356  |8 0  |0 0  |1 0  |4 0  |d 2024-08-01  |l 0  |r 2026-02-21 19:48:21  |w 2026-02-21 
952 |t č. 7-12  |a SNK  |b SNK  |y PREZ  |7 0  |p 17A1524000  |o snkČSB 5170/26/2023/2  |i snk2024/12357  |8 0  |0 0  |1 0  |4 0  |d 2024-08-01  |l 0  |r 2026-02-21 19:48:24  |w 2026-02-21 
952 |t č. 1-6  |a SNK  |b SNK  |y PREZ  |7 0  |p 17A1556316  |o snkČSB 5170/26/2023/1 D1  |i snk2025/6200  |8 0  |0 0  |1 0  |4 0  |d 2025-04-10  |l 0  |r 2026-02-21 19:48:30  |w 2026-02-21 
952 |t č. 7-12  |a SNK  |b SNK  |y PREZ  |7 0  |p 17A1556317  |o snkČSB 5170/26/2023/2 D1  |i snk2025/6201  |8 0  |0 0  |1 0  |4 0  |d 2025-04-10  |l 0  |r 2026-02-21 19:48:30  |w 2026-02-21 
952 |t č. 1-6  |a SNK  |b SNK  |y PREZ  |7 0  |p 17A1556318  |o snkČSB 5170/25/2022/1 D1  |i snk2025/6211  |8 0  |0 0  |1 0  |4 0  |d 2025-04-10  |l 0  |r 2026-02-21 19:48:30  |w 2026-02-21 
952 |t č. 7-12  |a SNK  |b SNK  |y PREZ  |7 0  |p 17A1556319  |o snkČSB 5170/25/2022/2 D1  |i snk2025/6212  |8 0  |0 0  |1 0  |4 0  |d 2025-04-10  |l 0  |r 2026-02-21 19:48:30  |w 2026-02-21 
952 |t č. 1-6  |a SNK  |b SNK  |y PREZ  |7 0  |p 17A1556320  |o snkČSB 5170/27/2024/1  |i snk2025/6213  |8 0  |0 0  |1 0  |4 0  |d 2025-04-10  |l 0  |r 2026-02-21 19:48:30  |w 2026-02-21 
952 |t č. 7-12  |a SNK  |b SNK  |y PREZ  |7 0  |p 17A1556321  |o snkČSB 5170/27/2024/2  |i snk2025/6214  |8 0  |0 0  |1 0  |4 0  |d 2025-04-10  |l 0  |r 2026-02-21 19:48:30  |w 2026-02-21 
952 |t č. 1-6  |a SNK  |b SNK  |y PREZ  |7 0  |p 17A1460631  |o snkČSB 5170/23/2020/1  |i snk2021/13380  |8 0  |0 0  |1 0  |4 0  |d 2021-09-21  |l 0  |r 2026-02-21 20:00:11  |w 2026-02-21 
952 |t č. 7-12  |a SNK  |b SNK  |y PREZ  |7 0  |p 17A1460632  |o snkČSB 5170/23/2020/2  |i snk2021/13381  |8 0  |0 0  |1 0  |4 0  |d 2021-09-21  |l 0  |r 2026-02-21 20:00:11  |w 2026-02-21 
952 |t č. 1-6  |a SNK  |b SNK  |y PREZ  |7 0  |p 17A1464780  |o snkČSB 5170/24/2021/1 D1  |i snk2022/18119  |8 0  |0 0  |1 0  |4 0  |d 2022-12-05  |l 0  |r 2026-02-21 20:02:28  |w 2026-02-21 
952 |t č. 7-12  |a SNK  |b SNK  |y PREZ  |7 0  |p 17A1464781  |o snkČSB 5170/24/2021/2 D1  |i snk2022/18120  |8 0  |0 0  |1 0  |4 0  |d 2022-12-05  |l 0  |r 2026-02-21 20:02:28  |w 2026-02-21 
952 |t č. 1-6  |a SNK  |b SNK  |y PREZ  |7 0  |p 17A1463343  |o snkČSB 5170/23/2020/1 D1  |i snk2022/11131  |8 0  |0 0  |1 0  |4 0  |d 2022-07-12  |l 0  |r 2026-02-21 20:02:42  |w 2026-02-21 
952 |t č. 7-12  |a SNK  |b SNK  |y PREZ  |7 0  |p 17A1463344  |o snkČSB 5170/23/2020/2 D1  |i snk2022/11133  |8 0  |0 0  |1 0  |4 0  |d 2022-07-12  |l 0  |r 2026-02-21 20:02:42  |w 2026-02-21 
952 |t č. 1-6  |a SNK  |b SNK  |y PREZ  |7 0  |p 17A1463686  |o snkČSB 5170/24/2021/1  |i snk2022/13347  |8 0  |0 0  |1 0  |4 0  |d 2022-09-06  |l 0  |r 2026-02-21 20:10:19  |w 2026-02-21 
952 |t č. 7-12  |a SNK  |b SNK  |y PREZ  |7 0  |p 17A1463687  |o snkČSB 5170/24/2021/2  |i snk2022/13349  |8 0  |0 0  |1 0  |4 0  |d 2022-09-06  |l 0  |r 2026-02-21 20:10:19  |w 2026-02-21 
952 |t č. 7-12   |a SNK  |b SNK  |y PREZ  |7 0  |p 17A1097910  |o snkČSB 5170/2014/2  |i snk2016/3777  |8 0  |0 0  |1 0  |4 0  |d 2016-02-12  |l 0  |r 2026-02-21 20:18:54  |w 2026-02-21 
952 |t č. 1-6 + príl.  |a SNK  |b SNK  |y PREZ  |7 0  |p 17A1097911  |o snkČSB 5170/2014/1 D1  |i snk2016/3778  |8 0  |z príloha: Profi auto č. 1-6  |0 0  |1 0  |4 0  |d 2016-02-12  |l 0  |r 2026-02-21 20:18:54  |w 2026-02-21 
952 |t č. 9-12  |a SNK  |b SNK  |y PREZ  |7 0  |p 17A1268152  |o snkČSB 5170/8/2005/2  |i snk2008/1258  |8 0  |0 0  |1 0  |4 0  |d 2008-01-17  |l 0  |r 2026-02-21 20:28:25  |w 2026-02-21 
952 |t č. 1-3  |a SNK  |b SNK  |y PREZ  |7 0  |p 17A1054149  |o snkČSB 5170/[12]/2009/1  |i snk2012/21203  |8 0  |0 0  |1 0  |4 0  |d 2012-10-19  |l 0  |r 2026-02-21 20:50:19  |w 2026-02-21 
952 |t č. 1-6  |a SNK  |b SNK  |y PREZ  |7 0  |p 17A1054151  |o snkČSB 5170/[12]/2009/1 D1  |i snk2012/21204  |8 0  |0 0  |1 0  |4 0  |d 2012-10-19  |l 0  |r 2026-02-21 20:50:19  |w 2026-02-21 
952 |t č. 4-12  |a SNK  |b SNK  |y PREZ  |7 0  |p 17A1268153  |o snkČSB 5170/[12]/2009/2  |i snk2012/21205  |8 0  |0 0  |1 0  |4 0  |d 2012-10-19  |l 0  |r 2026-02-21 20:50:19  |w 2026-02-21 
952 |t č. 7-10, 12, neúpl.  |a SNK  |b SNK  |y PREZ  |7 0  |p 17A1054152  |o snkČSB 5170/[12]/2009/2 D1  |i snk2012/21206  |8 0  |z chýba č. 11 (2009)  |0 0  |1 0  |4 0  |d 2012-10-19  |l 0  |r 2026-02-21 20:50:19  |w 2026-02-21 
952 |t č. 1-6  |a SNK  |b SNK  |y PREZ  |7 0  |p 17A1054153  |o snkČSB 5170/[13]/2010/1  |i snk2012/21207  |8 0  |0 0  |1 0  |4 0  |d 2012-10-19  |l 0  |r 2026-02-21 20:50:19  |w 2026-02-21 
952 |t č. 1-6  |a SNK  |b SNK  |y PREZ  |7 0  |p 17A1054155  |o snkČSB 5170/[13]/2010/1 D1  |i snk2012/21208  |8 0  |0 0  |1 0  |4 0  |d 2012-10-19  |l 0  |r 2026-02-21 20:50:19  |w 2026-02-21 
952 |t č. 7-12  |a SNK  |b SNK  |y PREZ  |7 0  |p 17A1054154  |o snkČSB 5170/[13]/2010/2  |i snk2012/21209  |8 0  |0 0  |1 0  |4 0  |d 2012-10-19  |l 0  |r 2026-02-21 20:50:19  |w 2026-02-21 
952 |t č. 7-12  |a SNK  |b SNK  |y PREZ  |7 0  |p 17A1054156  |o snkČSB 5170/[13]/2010/2 D1  |i snk2012/21210  |8 0  |0 0  |1 0  |4 0  |d 2012-10-19  |l 0  |r 2026-02-21 20:50:19  |w 2026-02-21 
952 |t č. 1-6  |a SNK  |b SNK  |y PREZ  |7 0  |p 17A1054157  |o snkČSB 5170/[14]/2011/1  |i snk2012/21211  |8 0  |0 0  |1 0  |4 0  |d 2012-10-19  |l 0  |r 2026-02-21 20:50:20  |w 2026-02-21 
952 |t č. 1-6  |a SNK  |b SNK  |y PREZ  |7 0  |p 17A1054159  |o snkČSB 5170/[14]/2011/1 D1  |i snk2012/21212  |8 0  |0 0  |1 0  |4 0  |d 2012-10-19  |l 0  |r 2026-02-21 20:50:20  |w 2026-02-21 
952 |t č. 7-12  |a SNK  |b SNK  |y PREZ  |7 0  |p 17A1054158  |o snkČSB 5170/[14]/2011/2  |i snk2012/21213  |8 0  |0 0  |1 0  |4 0  |d 2012-10-19  |l 0  |r 2026-02-21 20:50:20  |w 2026-02-21 
952 |t č. 7-12  |a SNK  |b SNK  |y PREZ  |7 0  |p 17A1054160  |o snkČSB 5170/[14]/2011/2 D1  |i snk2012/21214  |8 0  |0 0  |1 0  |4 0  |d 2012-10-19  |l 0  |r 2026-02-21 20:50:20  |w 2026-02-21 
952 |t č. 1-6  |a SNK  |b SNK  |y PREZ  |7 0  |p 17A1054137  |o snkČSB 5170/[9]/2006/1  |i snk2012/20658  |8 0  |0 0  |1 0  |4 0  |d 2012-10-15  |l 0  |r 2026-02-21 20:50:23  |w 2026-02-21 
952 |t č. 1-6  |a SNK  |b SNK  |y PREZ  |7 0  |p 17A1054142  |o snkČSB 5170/[9]/2006/1 D1  |i snk2012/20659  |8 0  |0 0  |1 0  |4 0  |d 2012-10-15  |l 0  |r 2026-02-21 20:50:23  |w 2026-02-21 
952 |t č. 7-12  |a SNK  |b SNK  |y PREZ  |7 0  |p 17A1054143  |o snkČSB 5170/[9]/2006/2  |i snk2012/20660  |8 0  |0 0  |1 0  |4 0  |d 2012-10-15  |l 0  |r 2026-02-21 20:50:23  |w 2026-02-21 
952 |t č. 7-12  |a SNK  |b SNK  |y PREZ  |7 0  |p 17A1054141  |o snkČSB 5170/[9]/2006/2 D1  |i snk2012/20661  |8 0  |0 0  |1 0  |4 0  |d 2012-10-15  |l 0  |r 2026-02-21 20:50:23  |w 2026-02-21 
952 |t č. 1-6  |a SNK  |b SNK  |y PREZ  |7 0  |p 17A1054140  |o snkČSB 5170/[10]/2007/1  |i snk2012/20662  |8 0  |0 0  |1 0  |4 0  |d 2012-10-15  |l 0  |r 2026-02-21 20:50:23  |w 2026-02-21 
952 |t č. 1-6  |a SNK  |b SNK  |y PREZ  |7 0  |p 17A1054138  |o snkČSB 5170/[10]/2007/1 D1  |i snk2012/20663  |8 0  |0 0  |1 0  |4 0  |d 2012-10-15  |l 0  |r 2026-02-21 20:50:23  |w 2026-02-21 
952 |t č. 7-12  |a SNK  |b SNK  |y PREZ  |7 0  |p 17A1054139  |o snkČSB 5170/[10]/2007/2  |i snk2012/20664  |8 0  |0 0  |1 0  |4 0  |d 2012-10-15  |l 0  |r 2026-02-21 20:50:23  |w 2026-02-21 
952 |t č. 7-12  |a SNK  |b SNK  |y PREZ  |7 0  |p 17A1054144  |o snkČSB 5170/[10]/2007/2 D1  |i snk2012/20665  |8 0  |0 0  |1 0  |4 0  |d 2012-10-15  |l 0  |r 2026-02-21 20:50:23  |w 2026-02-21 
952 |t č. 1-6  |a SNK  |b SNK  |y PREZ  |7 0  |p 17A1054145  |o snkČSB 5170/[11]/2008/1  |i snk2012/20666  |8 0  |0 0  |1 0  |4 0  |d 2012-10-15  |l 0  |r 2026-02-21 20:50:23  |w 2026-02-21 
952 |t č. 1-6  |a SNK  |b SNK  |y PREZ  |7 0  |p 17A1054147  |o snkČSB 5170/[11]/2008/1 D1  |i snk2012/20667  |8 0  |0 0  |1 0  |4 0  |d 2012-10-15  |l 0  |r 2026-02-21 20:50:23  |w 2026-02-21 
952 |t č. 7-12  |a SNK  |b SNK  |y PREZ  |7 0  |p 17A1054146  |o snkČSB 5170/[11]/2008/2  |i snk2012/20668  |8 0  |0 0  |1 0  |4 0  |d 2012-10-15  |l 0  |r 2026-02-21 20:50:23  |w 2026-02-21 
952 |t č. 7-12  |a SNK  |b SNK  |y PREZ  |7 0  |p 17A1054148  |o snkČSB 5170/[11]/2008/2 D1  |i snk2012/20669  |8 0  |0 0  |1 0  |4 0  |d 2012-10-15  |l 0  |r 2026-02-21 20:50:23  |w 2026-02-21 
952 |t č. 1-6  |a SNK  |b SNK  |y PREZ  |7 0  |p 17A1268188  |o snkČSB 5170/19/2016/1 D1  |i snk2018/5507  |8 0  |0 0  |1 0  |4 0  |d 2018-03-06  |l 0  |r 2026-02-21 21:49:43  |w 2026-02-21 
952 |t č. 7-12  |a SNK  |b SNK  |y PREZ  |7 0  |p 17A1268187  |o snkČSB 5170/19/2016/2 D1  |i snk2018/5521  |8 0  |0 0  |1 0  |4 0  |d 2018-03-06  |l 0  |r 2026-02-21 21:49:43  |w 2026-02-21 
952 |t č. 1-6  |a SNK  |b SNK  |y PREZ  |7 0  |p 17A1268186  |o snkČSB 5170/20/2017/1  |i snk2018/5528  |8 0  |0 0  |1 0  |4 0  |d 2018-03-06  |l 0  |r 2026-02-21 21:49:43  |w 2026-02-21 
952 |t č. 7-12 + príl.  |a SNK  |b SNK  |y PREZ  |7 0  |p 17A1268185  |o snkČSB 5170/20/2017/2  |i snk2018/5543  |8 0  |z Príl.: Auto magazín - Ťažné zariadenia a prívesné vozíky v č. 7-8  |0 0  |1 0  |4 0  |d 2018-03-06  |l 0  |r 2026-02-21 21:49:45  |w 2026-02-21 
952 |t č. 1-6  |a SNK  |b SNK  |y PREZ  |7 0  |p 17A1388438  |o snkČSB 5170/21/2018/1 D1  |i snk2020/10104  |8 0  |0 0  |1 0  |4 0  |d 2020-06-10  |l 0  |r 2026-02-21 22:01:26  |w 2026-02-21 
952 |t č. 7-12  |a SNK  |b SNK  |y PREZ  |7 0  |p 17A1388439  |o snkČSB 5170/21/2018/2 D1  |i snk2020/10107  |8 0  |0 0  |1 0  |4 0  |d 2020-06-10  |l 0  |r 2026-02-21 22:01:26  |w 2026-02-21 
952 |t č. 1-6   |a SNK  |b SNK  |y PREZ  |7 0  |p 17A1097901  |o snkČSB 5170/2012/1  |i snk2016/3751  |8 0  |0 0  |1 0  |4 0  |d 2016-02-12  |l 0  |r 2026-02-21 22:02:13  |w 2026-02-21 
952 |t č. 7-12   |a SNK  |b SNK  |y PREZ  |7 0  |p 17A1097902  |o snkČSB 5170/2012/2  |i snk2016/3754  |8 0  |0 0  |1 0  |4 0  |d 2016-02-12  |l 0  |r 2026-02-21 22:02:13  |w 2026-02-21 
952 |t č. 1-6 + príl.  |a SNK  |b SNK  |y PREZ  |7 0  |p 17A1097903  |o snkČSB 5170/2012/1 D1  |i snk2016/3756  |8 0  |z príloha: Profi auto č. 1-6  |0 0  |1 0  |4 0  |d 2016-02-12  |l 0  |r 2026-02-21 22:02:13  |w 2026-02-21 
952 |t č. 7-12 + príl.  |a SNK  |b SNK  |y PREZ  |7 0  |p 17A1097904  |o snkČSB 5170/2012/2 D1  |i snk2016/3758  |8 0  |z príloha: Profi auto č. 7-12  |0 0  |1 0  |4 0  |d 2016-02-12  |l 0  |r 2026-02-21 22:02:13  |w 2026-02-21 
952 |t č. 1-6   |a SNK  |b SNK  |y PREZ  |7 0  |p 17A1097905  |o snkČSB 5170/2013/1  |i snk2016/3763  |8 0  |0 0  |1 0  |4 0  |d 2016-02-12  |l 0  |r 2026-02-21 22:02:13  |w 2026-02-21 
952 |t č. 7-12  |a SNK  |b SNK  |y PREZ  |7 0  |p 17A1097906  |o snkČSB 5170/2013/2  |i snk2016/3764  |8 0  |0 0  |1 0  |4 0  |d 2016-02-12  |l 0  |r 2026-02-21 22:02:13  |w 2026-02-21 
952 |t č. 1-6 + príl.  |a SNK  |b SNK  |y PREZ  |7 0  |p 17A1097907  |o snkČSB 5170/2013/1 D1  |i snk2016/3766  |8 0  |z príloha: Profi auto č. 1-6  |0 0  |1 0  |4 0  |d 2016-02-12  |l 0  |r 2026-02-21 22:02:13  |w 2026-02-21 
952 |t č. 7-12 + príl.  |a SNK  |b SNK  |y PREZ  |7 0  |p 17A1097908  |o snkČSB 5170/2013/2 D1  |i snk2016/3770  |8 0  |z príloha: Profi auto č. 7-12  |0 0  |1 0  |4 0  |d 2016-02-12  |l 0  |r 2026-02-21 22:02:13  |w 2026-02-21 
952 |t č. 1-6  |a SNK  |b SNK  |y PREZ  |7 0  |p 17A1097909  |o snkČSB 5170/2014/1  |i snk2016/3774  |8 0  |0 0  |1 0  |4 0  |d 2016-02-12  |l 0  |r 2026-02-21 22:02:13  |w 2026-02-21 
952 |t č. 7-12 + príl.  |a SNK  |b SNK  |y PREZ  |7 0  |p 17A1097912  |o snkČSB 5170/2014/2 D1  |i snk2016/3780  |8 0  |z príloha: Profi auto č. 9-12, č. 7-8 chýba  |0 0  |1 0  |4 0  |d 2016-02-12  |l 0  |r 2026-02-21 22:02:13  |w 2026-02-21 
952 |t č. 1-6   |a SNK  |b SNK  |y PREZ  |7 0  |p 17A1097913  |o snkČSB 5170/18/2015/1  |i snk2016/3784  |8 0  |z príloha: Profi auto č. 1-6  |0 0  |1 0  |4 0  |d 2016-02-12  |l 0  |r 2026-02-21 22:02:13  |w 2026-02-21 
952 |t č. 7-12  |a SNK  |b SNK  |y PREZ  |7 0  |p 17A1097914  |o snkČSB 5170/18/2015/2  |i snk2016/3785  |8 0  |0 0  |1 0  |4 0  |d 2016-02-12  |l 0  |r 2026-02-21 22:02:14  |w 2026-02-21 
952 |t č. 1-6  |a SNK  |b SNK  |y PREZ  |7 0  |p 17A1207547  |o snkČSB 5170/19/2016/1  |i snk2017/13672  |8 0  |0 0  |1 0  |4 0  |d 2017-06-09  |l 0  |r 2026-02-21 22:18:15  |w 2026-02-21 
952 |t č. 7-12  |a SNK  |b SNK  |y PREZ  |7 0  |p 17A1207558  |o snkČSB 5170/19/2016/2  |i snk2017/13675  |8 0  |0 0  |1 0  |4 0  |d 2017-06-09  |l 0  |r 2026-02-21 22:18:15  |w 2026-02-21 
952 |t č. 1-6  |a SNK  |b SNK  |y PREZ  |7 0  |p 17A1207548  |o snkČSB 5170/18/2015/1 D1  |i snk2017/13688  |8 0  |0 0  |1 0  |4 0  |d 2017-06-09  |l 0  |r 2026-02-21 22:18:15  |w 2026-02-21 
952 |t č. 7-12  |a SNK  |b SNK  |y PREZ  |7 0  |p 17A1207549  |o snkČSB 5170/18/2015/2 D1  |i snk2017/13689  |8 0  |0 0  |1 0  |4 0  |d 2017-06-09  |l 0  |r 2026-02-21 22:18:15  |w 2026-02-21 
952 |t č. 1-6  |a SNK  |b SNK  |y PREZ  |7 0  |p 17A1369782  |o snkČSB 5170/20/2017/1 D1  |i snk2019/19071  |8 0  |0 0  |1 0  |4 0  |d 2019-07-19  |l 0  |r 2026-02-21 22:21:59  |w 2026-02-21 
952 |t č. 7-12 + príl.  |a SNK  |b SNK  |y PREZ  |7 0  |p 17A1369781  |o snkČSB 5170/20/2017/2 D1  |i snk2019/19083  |8 0  |z Prílohy: Auto magazín - Ťažné zariadenia a prívesné vozíky (v č. 9)  |0 0  |1 0  |4 0  |d 2019-07-19  |l 0  |r 2026-02-21 22:21:59  |w 2026-02-21 
952 |t č. 1-6  |a SNK  |b SNK  |y PREZ  |7 0  |p 17A1432479  |o snkČSB 5170/22/2019/1 D1  |i snk2020/18878  |8 0  |0 0  |1 0  |4 0  |d 2020-10-16  |l 0  |r 2026-02-21 22:23:00  |w 2026-02-21 
952 |t č. 7-12  |a SNK  |b SNK  |y PREZ  |7 0  |p 17A1432478  |o snkČSB 5170/22/2019/2 D1  |i snk2020/18883  |8 0  |0 0  |1 0  |4 0  |d 2020-10-16  |l 0  |r 2026-02-21 22:23:01  |w 2026-02-21 
952 |t č. 1-6  |a SNK  |b SNK  |y PREZ  |7 0  |p 17A1386441  |o snkČSB 5170/21/2018/1  |i snk2020/5416  |8 0  |0 0  |1 0  |4 0  |d 2020-03-03  |l 0  |r 2026-02-21 22:30:13  |w 2026-02-21 
952 |t č. 7-12  |a SNK  |b SNK  |y PREZ  |7 0  |p 17A1386440  |o snkČSB 5170/21/2018/2  |i snk2020/5418  |8 0  |0 0  |1 0  |4 0  |d 2020-03-03  |l 0  |r 2026-02-21 22:30:13  |w 2026-02-21 
952 |t č. 1-6  |a SNK  |b SNK  |y PREZ  |7 0  |p 17A1386439  |o snkČSB 5170/22/2019/1  |i snk2020/5420  |8 0  |0 0  |1 0  |4 0  |d 2020-03-03  |l 0  |r 2026-02-21 22:30:13  |w 2026-02-21 
952 |t č. 7-12  |a SNK  |b SNK  |y PREZ  |7 0  |p 17A1386438  |o snkČSB 5170/22/2019/2  |i snk2020/5421  |8 0  |0 0  |1 0  |4 0  |d 2020-03-03  |l 0  |r 2026-02-21 22:30:13  |w 2026-02-21 
952 |t 2  |a SNK  |b SNK  |c SNK_KF  |y PREZ  |7 4  |p 17A1559398  |o snkČSB 5170/27/2024/1 D1  |i snk2026/4789  |h č. 1-6  |8 0  |0 0  |1 0  |2 udc  |4 0  |d 2026-04-01  |l 0  |r 2026-04-01 08:56:44  |w 2026-04-01 
952 |t 2  |a SNK  |b SNK  |c SNK_KF  |y PREZ  |7 4  |p 17A1559399  |o snkČSB 5170/27/2024/2 D1  |i snk2026/4791  |h č. 7-12  |8 0  |0 0  |1 0  |2 udc  |4 0  |d 2026-04-01  |l 0  |r 2026-04-01 09:01:35  |w 2026-04-01